Komedianti včerejška. [Část] 1.,2. /

Hlavní autor: Pulda, Jaroslav, 1870-1926
Jazyk: Slovenština
Vydáno: Trnava : Bežo, 1924
Fyzický popis: 164 s.
Knihy
Uloženo v:
LEADER 00571nam a22001932a 4500
001 000466936
003 CZ BrMZK
005 20100208140644.0
007 ta
008 000105s1924 xo f 000 0 slo d
040 |a BOA001  |b cze 
100 1 |a Pulda, Jaroslav,  |d 1870-1926  |7 jk01101717  |4 aut 
245 1 0 |a Komedianti včerejška.  |n [Část] 1.,2. /  |c Jaroslav Pulda 
260 |a Trnava :  |b Bežo,  |c 1924 
300 |a 164 s. 
910 |a BOA001  |b 1-0082.952 
990 |a BK 
993 |a Y 
996 7 |b 2619754363  |c 1-0082.952  |l MZK  |r Sklad / do 1 hodiny  |n 6  |w 000466936  |u 000010  |a 1  |e BOA001  |j MZK50  |s A